| 000 | 00423pab a2200169 454500 | ||
|---|---|---|---|
| 008 | 180718b2009 xxu||||| |||| 00| 0 eng d | ||
| 100 | _aPandey, Rakesh Kumar | ||
| 245 | _aIs Indian corporate governance equitable? | ||
| 260 | _c2009 | ||
| 300 | _ap.457-58. | ||
| 362 | _aJun | ||
| 650 | _aFinancial markets - India | ||
| 650 | _aFinancial markets | ||
| 773 | _aManagement Accountant | ||
| 908 | _aN | ||
| 909 | _a82929 | ||
| 999 |
_c82929 _d82929 |
||